Decirlo a Liddy /
La escritora inglesa Anne Fine (Leicester, 1947), reconocida por sus libros infantiles aunque también escribe para adultos, ha recibido varios premios, entre los que destacan The Guardian, la Medalla Carnegie en varias ocasiones y el Nestlé Smarties de 1990 y de 2007; en 2003 fue distinguida con la...
保存先:
| 第一著者: | |
|---|---|
| フォーマット: | 図書 |
| 言語: | スペイン語 |
| 出版事項: |
Barcelona, España :
Andrés Bello,
1998, c1998
|
| シリーズ: | (Novela)
|
| 主題: | |
| タグ: |
タグなし, このレコードへの初めてのタグを付けませんか!
|
MARC
| LEADER | 00000nam^a2200000^a^4500 | ||
|---|---|---|---|
| 001 | 000107121 | ||
| 005 | 20250521000000.0 | ||
| 009 | 20260310093559.644 | ||
| 020 | |a 84-89691-89-4 | ||
| 037 | |a Acervo ITESO - Biblioteca | ||
| 041 | |a ESP | ||
| 082 | |a 823. |b FIN | ||
| 100 | |a Fine, Anne |e (autor) | ||
| 245 | 1 | 0 | |a Decirlo a Liddy / |c A. Fine ; tr. por Andrea Maturana. |
| 264 | 4 | |a Barcelona, España : |b Andrés Bello, |c 1998, c1998 | |
| 300 | |a 284 p. | ||
| 336 | |a texto |b txt |2 rdacontenido | ||
| 337 | |a sin mediación |b n |2 rdamedio | ||
| 338 | |a volumen |b nc |2 rdasoporte | ||
| 440 | 1 | |a (Novela) | |
| 500 | |a Traducción de: Telling Liddy | ||
| 520 | |a La escritora inglesa Anne Fine (Leicester, 1947), reconocida por sus libros infantiles aunque también escribe para adultos, ha recibido varios premios, entre los que destacan The Guardian, la Medalla Carnegie en varias ocasiones y el Nestlé Smarties de 1990 y de 2007; en 2003 fue distinguida con la Orden del Imperio Británico. Los argumentos de Fine parten de una temática central que va perfilando a sus personajes conforme avanza la trama; suele narrar en primera persona y, con frecuencia, sus caracteres van escribiendo simultáneamente la historia. Se caracteriza por crear situaciones tragicómicas que hablan de la cotidianidad de las relaciones entre padres e hijos, del desarrollo emocional infantil, de la lectura y del sistema escolar. Entre sus obras se distinguen los libros para niños The Stone Menagerie (1980); La señora Doubtfire (1987), llevada a la pantalla; Billy y el vestido rosa (1989); Ojos saltones (1989) e Iván el terrible (2007); las novelas para adultos The Killjoy (1986), que obtuvo el Premio del Scottish Arts Council; Taking the Devil’s Advice (1990) y Fly in the Ointment (2008). | ||
| 649 | |a XX | ||
| 650 | |a Novela Inglesa | ||
| 650 | |a Literatura Inglesa - |y Siglo XX | ||
| 650 | |a Literatura de Mujeres - |z Inglaterra | ||
| 910 | |a Fondo General | ||
| 920 | |a Impresos - Libros | ||
| 930 | |a Colección General | ||
| 940 | |a Literatura | ||
| 905 | |a 101 | ||
| 901 | |a 0500043294 |b IT1 |c LIT |u 20250521 | ||
| 902 | |a https://opac.biblio.iteso.mx/vufind/Record/000107121 | ||